The book of certainty / (Record no. 56810)
[ view plain ]
| 000 -LEADER | |
|---|---|
| fixed length control field | 00632nam a2200229 a 4500 |
| 001 - CONTROL NUMBER | |
| control field | 56810 |
| 003 - CONTROL NUMBER IDENTIFIER | |
| rucl marc code | BD-RjUL |
| 005 - DATE AND TIME OF LATEST TRANSACTION | |
| control field | 20211209080433.0 |
| 008 - FIXED-LENGTH DATA ELEMENTS--GENERAL INFORMATION | |
| fixed length control field | 161204s1952 enka 000 0 eng |
| 035 ## - SYSTEM CONTROL NUMBER | |
| System control number | (BD-RjUL)56934 |
| System control number | (OCoLC)3688382 |
| 040 ## - CATALOGING SOURCE | |
| Original cataloging agency | DLC |
| Transcribing agency | GU |
| Modifying agency | Uk |
| -- | BD-RjUL |
| Language of cataloging | eng |
| 041 ## - LANGUAGE CODE | |
| Language code of text/sound track or separate title | eng |
| 082 ## - DEWEY DECIMAL CLASSIFICATION NUMBER | |
| Edition number | 23 |
| Classification number | 297.4 |
| Author mark and year | EDB 1952 |
| 100 1# - MAIN ENTRY--PERSONAL NAME | |
| Personal name | Ed-Dīn, Abū Bakr Sirāj |
| 9 (RLIN) | 168930 |
| 245 14 - TITLE STATEMENT | |
| Title | The book of certainty / |
| Statement of responsibility, etc. | by Abū Bakr Sirāj Ed-Dīn |
| 260 ## - PUBLICATION, DISTRIBUTION, ETC. (IMPRINT) | |
| Place of publication, distribution, etc. | London : |
| Name of publisher, distributor, etc. | Rider and company, |
| Date of publication, distribution, etc. | 1952. |
| 300 ## - PHYSICAL DESCRIPTION | |
| Pagination | 108 p. |
| Illustrations | ill. ; |
| Size | 19 cm. |
| 650 #0 - SUBJECT ADDED ENTRY--TOPICAL TERM | |
| Topical term or geographic name as entry element | Sufism. |
| 9 (RLIN) | 168931 |
| 942 ## - ADDED ENTRY ELEMENTS (KOHA) | |
| Source of classification or shelving scheme | Dewey Decimal Classification |
| Koha item type | Books |
| Lost status | Source of classification or shelving scheme | Damaged status | Not for loan | Collection code | Permanent Location | Current Location | Shelving location | Date acquired | Source of acquisition | Cost, normal purchase price | Total Checkouts | Full call number | Date last seen | Copy number | Koha item type |
|---|---|---|---|---|---|---|---|---|---|---|---|---|---|---|---|
| Dewey Decimal Classification | Not For Loan | Rare Books | Central Library, University of Rajshahi | Central Library, University of Rajshahi | Rare Book Section | 11/07/1963 | Zeitlinger | 7.60 | RA 297.4 EDB 1952 | 04/12/2016 | C-1 | Rare Books | |||
| Dewey Decimal Classification | Non-fiction | Central Library, University of Rajshahi | Central Library, University of Rajshahi | 26/11/1966 | A. I. Quraishi | 5.02 | 297.4 EDB 1952 | 22/10/2018 | C-2 | Books |